000 01100nam0a22002651 4500
001 rc\521731
005 20030616165214.2
035 _a(NLR Aleph) 005760750
090 _a4937754
_c4937754
100 _a20030616d1987 u |0rusy50 ca
101 0 _arus
102 _aRU
105 _ay |||||||||
200 1 _aПовышение продуктивности жвачных животных в Азербайджанской ССР
_eНауч. тр.
_fАзерб. с.-х. ин-т им. С. Агамалиоглы
_g[Гл. ред. М.И. Джафаров]
210 _aКировабад
_cАзСХИ
_d1987 (1988)
215 _a123, [1] с.
_d23
300 _aЗагл. также: азерб.
300 _aЧасть. текста: азерб.
702 1 _aДжафаров
_bМ. И. оглы
_gМамедтагы Ибрагим оглы
_4340
712 0 2 _aАзербайджанский с.-х. ин-т им. С.Агамалиоглы
_cКировабад
_3RU\NLR\AUTH\889932694
801 0 _aRU
_bNLR
_gpsbo
801 1 _aRU
_bELAR
_2rusmarc
852 _aNLR
_j89-5/1655
942 _cBOOK
980 _aNB